| Tag |
First Indicator |
Second Indicator |
Subfields |
| LEADER |
00000cas a2200000 a 4500 |
| 001 |
in00000016958 |
| 005 |
20151007053337.0 |
| 008 |
780530d19771982ilumn1p |||| 0uuua0eng d |
| 010 |
|
|
|a 80643295
|z sn79-7140
|
| 022 |
0 |
|
|a 0193-3272
|z 0161-1445
|
| 032 |
|
|
|a 357820
|b USPS
|
| 035 |
|
|
|a (OCoLC)03936432
|
| 035 |
|
|
|9 AAB1298AM
|
| 040 |
|
|
|a MNU
|c MNU
|d NSD
|d DLC
|d NST
|d NSD
|d NST
|d DLC
|d NSD
|d NST
|d NSD
|d TXA
|d UtOrBLW
|
| 049 |
|
|
|a TXAE
|
| 050 |
0 |
0 |
|a TF1
|b .M57
|
| 210 |
0 |
|
|a Mod. railr. rail transit
|
| 222 |
|
0 |
|a Modern railroads rail transit
|
| 245 |
0 |
0 |
|a MR, Modern railroads/rail transit.
|
| 246 |
1 |
0 |
|a Modern railroads rail transit
|
| 264 |
|
1 |
|a Chicago :
|b Cahners Pub. Co.,
|c 1977-1982.
|
| 300 |
|
|
|a 6 volumes :
|b illustrations ;
|c 28 cm.
|
| 310 |
|
|
|a Monthly with an additional issue in Sept.
|
| 336 |
|
|
|a text
|b txt
|2 rdacontent
|
| 337 |
|
|
|a unmediated
|b n
|2 rdamedia
|
| 338 |
|
|
|a volume
|b nc
|2 rdacarrier
|
| 362 |
0 |
|
|a Vol. 32, no. 10 (Oct. 1977)-v. 37, no. 8 (Aug. 1982).
|
| 650 |
|
0 |
|a Railroads
|v Periodicals.
|
| 780 |
0 |
0 |
|t Modern railroads, rail transit
|x 0193-3272 (OCoLC)2362581
|
| 785 |
0 |
0 |
|t Modern railroads (Cahners Pub. Co. : 1982)
|x 0736-2064 (DLC) 82647115 (OCoLC)8860685
|
| 999 |
|
|
|a MARS
|
| 999 |
f |
f |
|s 2a342d76-bb84-31b9-b71a-8b1aeef1d215
|i 7fe95782-3ce1-381e-8e48-3e7254b9b38e
|t 0
|
| 952 |
f |
f |
|a Texas A&M University
|b College Station
|c Sterling C. Evans Library
|d Evans: Library Stacks
|t 0
|e TF1 .M57
|h Library of Congress classification
|
| 998 |
f |
f |
|a TF1 .M57
|s v.37:no.1-8 (1982:Jan.-Aug.)
|t 0
|l Evans: Library Stacks
|